BIBLIOTHÈQUE DE LA MAISON DU MEXIQUE

Logo 1 Logo 2

Antología (notice nᵒ 2955)

détails MARC
000 -Sello discográfico
campo de control de longitud fija 01091nam a2200325 4500
005 - Identificación de versión
campo de control 20251017062854.0
035 ## - Otros números de control del sistema
Número de control del sistema 24363
099 ## - fechas locales
Tipo de ítem Koha LIBRO
100 ## - Datos de procesamiento general
Datos de procesamiento general 19980303d1976 m y1spay5003 ba
105 ## - Campo de datos codificados: Material textual, monográfico
Datos codificados de monografía y 001zy
200 1# - Título y mención de responsabilidad
Título propio Antología
Designación general del material texto impreso
Primer mención de responsabilidad Francisco Xavier Clavijero
Declaración de responsabilidad subsiguiente estudio introductorio y selección Gonzalo Aguirre Beltrán
205 ## - Declaración de edición
Declaración de edición 1a ed
210 ## - Publicación, distribución, etc.
Lugar de publicación, distribución, etc. México
Nombre del editor, distribuidor, etc. Secretaría de Educación Pública
Fecha de publicación, distribución, etc. 1976
215 ## - Descripción física
Designación de material específico y extensión del ítem 198 p
Dimensiones 17 cm
345 ## - Nota de información de adquisición
Fuente de adquisición/dirección de la suscripción [OBSOLETO] Donación
410 #1 - Series
Título SepSetentas
Número de volumen 249
600 ## - Nombre personal usado como materia
Elemento de entrada Clavijero
Parte del nombre distinta del elemento de entrada Francisco Javier
Fechas 1731-1787
Número Koha 6302
607 ## - Nombre geográfico utilizado como tema
Elemento de entrada México
Subdivisión temática Antigüedades
Número Koha 1429
607 ## - Nombre geográfico utilizado como tema
Elemento de entrada México
Subdivisión temática Historia
Subdivisión cronológica Colonia, 1540-1810
Número Koha 605
660 ## - Código de área geográfica
Código MX
700 ## - Nombre personal - Responsabilidad primaria
Elemento de entrada Clavijero
Parte del nombre distinta del elemento de entrada Francisco Javier
Fechas 1731-1787
Número Koha 6302
702 ## - Nombre personal - Responsabilidad secundaria
Elemento de entrada Aguirre Beltrán
Parte del nombre distinta del elemento de entrada Gonzalo
Fechas 1908-1996
Número Koha 539
801 #0 - Fuente de origen
Agencia cm
900 ## -
-- 1/16326
900 ## -
-- 710987897\\030398
942 ## - ELEMENTOS DE ENTRADA SECUNDARIOS (KOHA)
Tipo de ítem Koha Livre
996 ## -
-- MEX
-- 751145101
-- MMAG
-- 001904
-- 082 S479 V.249
-- 20200729LIV
Exemplaires
Estatus retirado Estado de daño Estado de pérdida Fecha de adquisición Biblioteca de origen Biblioteca actual Ubicación en estantería Código de barras Precio de reemplazo Signatura topográfica completa No para préstamo Tipo de ítem Koha Nota pública Nota no pública
      05/08/2025 Casa México Paris Casa México Paris   001904 05/08/2025 082 S479 V.249   Livre 20200729LIV 751145101